书目信息 |
| 题名: |
世界民族综论
|
|
| 作者: | 高永久 编著 | |
| 分册: | ||
| 出版信息: | 天津 南开大学出版社 2011 |
|
| 页数: | 320页 | |
| 开本: | 23cm | |
| 丛书名: | 南开跨文化交流研究丛书 | |
| 单 册: | ||
| 中图分类: | D562 | |
| 科图分类: | ||
| 主题词: | 民族问题--研究--世界 , 民族问题 | |
| 电子资源: | ||
| ISBN: | 978-7-310-03839-8 | |
| 000 | 00964nam0 2200265 450 | |
| 001 | 523 | |
| 005 | 20140905100057.62 | |
| 010 | @a978-7-310-03839-8@dCNY46.00 | |
| 100 | @a20120705d2011 em y0chiy50 ea | |
| 101 | 0 | @achi |
| 102 | @aCN@b120000 | |
| 105 | @ay z 000yy | |
| 106 | @ar | |
| 200 | 1 | @a世界民族综论@AShi Jie Min Zu Zong Lun@f高永久等编著@FGao Yong Jiu Deng Bian Zhu |
| 210 | @a天津@c南开大学出版社@d2011 | |
| 215 | @a320页@d23cm | |
| 225 | 2 | @a南开跨文化交流研究丛书 |
| 330 | @a本书从世界民族文化、世界民族经济、世界民族政治、世界民族关系四大方面,阐述了世界主要国家的民族发展现状以及民族发展过程中存在的现实问题,引导阅读者发现问题、分析问题、解决问题,了解世界民族研究的基本内容和基本规律。 | |
| 461 | 0 | @12001 @a南开跨文化交流研究丛书 |
| 606 | 0 | @a民族问题@x研究@y世界 |
| 606 | 0 | @a民族问题 |
| 690 | @aD562@v5 | |
| 701 | 0 | @a高永久@AGao Yong Jiu@f(1964~)@4编著 |
| 801 | 0 | @aCN@bTANGWEI@c20140603 |
| 905 | @b0839488-90@dD562@e195@f3 | |
| 世界民族综论/高永久等编著.-天津:南开大学出版社,2011 |
| 320页;23cm.-(南开跨文化交流研究丛书) |
| ISBN 978-7-310-03839-8:CNY46.00 |
| 本书从世界民族文化、世界民族经济、世界民族政治、世界民族关系四大方面,阐述了世界主要国家的民族发展现状以及民族发展过程中存在的现实问题,引导阅读者发现问题、分析问题、解决问题,了解世界民族研究的基本内容和基本规律。 |
| ● |
| 相关链接 |
|
|
|
|
正题名:世界民族综论
索取号:D562/195
 
预约/预借
| 序号 | 登录号 | 条形码 | 馆藏地/架位号 | 状态 | 备注 |
| 1 | 0839488 | 208394888 | 第一样本阅览室/ [索取号:D562/195] | 在馆 | |
| 2 | 0839489 | 208394897 | 密集书库-史法系/ [索取号:D562/195] | 在馆 | |
| 3 | 0839490 | 208394904 | 第一借阅区/ [索取号:D562/195] | 在馆 |